| 000 | 00566nam a2200181Ia 4500 | ||
|---|---|---|---|
| 005 | 20250508151648.0 | ||
| 008 | 008 250505s9999 xx 000 0 eng d | ||
| 037 | _aTextual | ||
| 040 |
_aFEDL _beng _cFEDL |
||
| 041 |
_aeng _2eng |
||
| 084 |
_a808.8, KEL _qFEDL |
||
| 100 |
_aKeller James _9459651 |
||
| 245 | 0 | _aStop, look and live: A story for each day of the year to bring out the power within you | |
| 260 |
_aKingswood, UK _bThe World's Work (1913) Ltd. _c1955 |
||
| 300 | _ax,243p. | ||
| 942 |
_cTEXL _h808.8, KEL |
||
| 999 |
_c1331232 _d1331232 |
||